Renovácia roštov kladivovývh drvičov naváraním : Diplomová práca

Saved in:
Bibliographic Details
Main Author: Bračík, Peter (Author)
Other Authors: Koyš, Jaroslav (xxx)
Format: Manuscript Book
Language:Slovak
Published: Trnava : STU v Bratislave MtF KZv, 2004
Subjects:
Tags: Add Tag
No Tags, Be the first to tag this record!

MARC

LEADER 00000ntm a22000003a 4500
001 stu89007
005 20160719154655.3
008 040716s2004----xo------------------slo-d
040 |a STU  |b slo 
041 0 |a slo 
044 |a xo 
100 1 |a Bračík, Peter  |4 aut 
245 1 |a Renovácia roštov kladivovývh drvičov naváraním :  |b Diplomová práca 
260 |a Trnava :  |b STU v Bratislave MtF KZv,  |c 2004 
300 |a 85 s  |c príl., CD 
650 7 |a technológie strojárskej výroby  |2 stusub 
650 7 |a zváranie  |2 stusub 
700 1 |a Koyš, Jaroslav  |4 xxx 
996 |b 284M059848  |c M*DP-5110  |l MMSKP  |s P  |a 0  |w stu89007_0001